000 00638nam a22001577a 4500
020 _a9789386037756
082 _a158
_bCAR/H
100 _acarnegie ,Dale
245 _aHow to stop worring and start living
246 _aself help book
_bmotivational
260 _anew delhi
_bBooks world wide
300 _a320
500 _aself help
520 _aStep 1: Analyze a situation causing you worry to determine the worst possible scenario if you fail. Step 2: Accept the worst possible case scenario, if it is to happen. Step 3: Focus on trying to improve the situation so that you end up with a better outcome than worst case.
942 _cBK
999 _c2
_d2